Cambios sociales, actores y acción colectiva en América Latina /
Guardado en:
| Hovedforfatter: | |
|---|---|
| Format: | Texto |
| Serier: | SERIE POLITICAS SOCIALES/CEPAL
|
| Fag: | |
| Tags: |
Tilføj Tag
Ingen Tags, Vær først til at tagge denne postø!
|
MARC
| LEADER | 00000 a a2200000 04500 | ||
|---|---|---|---|
| 001 | 48371 | ||
| 003 | |||
| 040 | |||
| 090 | |a REV1291 (56) 2001 | ||
| 100 | |a Garreton Merino, Manuel Antonio | ||
| 245 | |a Cambios sociales, actores y acción colectiva en América Latina / |c Manuel Antonio Garreton Merino | ||
| 440 | |a SERIE POLITICAS SOCIALES/CEPAL | ||
| 650 | |a PARTICIPACION SOCIAL | ||
| 650 | |a MOVIMIENTOS SOCIALES | ||
| 650 | |a DEMOCRATIZACION | ||
| 650 | |a POLITICA SOCIAL | ||
| 773 | |g número56, (2001) | ||
| 999 | |c 34428 |d 34428 | ||
